Esquema para el análisis político

Gorde:
Xehetasun bibliografikoak
Egile nagusia: Easton, David (Egilea)
Formatua: Liburua
Hizkuntza:gaztelania
Argitaratua: Buenos Aires Amorrortu 1969
Edizioa:1a. ed
Saila:Biblioteca de Sociología
Gaiak:
Etiketak: Etiketa erantsi
Etiketarik gabe, Izan zaitez lehena erregistro honi etiketa jartzen!

MARC

LEADER 00000cam a2200000 a 4500
001 UCT6873
003 CL-VaPUC
008 970113e19690000AG |||||||||||||||||spa|d
020 |a 950518025X 
082 0 4 |a 320.011  |b EAS  |2 21 
100 0 |a Easton, David  |e author  |9 377203 
245 1 0 |a Esquema para el análisis político 
250 |a 1a. ed 
300 |a 186 p 
942 |c BK 
945 |d 19970113 00:00:00  |a paguirre 
260 |a Buenos Aires  |b Amorrortu  |c 1969 
650 0 |a Política  |9 255312 
650 7 |a TEORIA POLITICA  |2 CL-VaPUC  |9 377204 
650 7 |a COMPORTAMIENTO POLITICO  |2 CL-VaPUC  |9 335468 
650 7 |a SISTEMAS POLITICOS  |2 CL-VaPUC  |9 377205 
650 0 |a Ciencias Políticas  |9 255201 
650 0 |a Desarrollo político  |9 323087 
583 |a last modification  |c 20160620 04:33:55  |k Rodrigo Vera 
490 0 |a Biblioteca de Sociología 
999 |c 255543  |d 255541 
952 |0 0  |1 0  |4 0  |6 320_011000000000000_EAS_1969  |7 0  |8 A  |9 277815  |a BIBDER  |b BIBDER  |d 2019-11-19  |i 180359K  |o 320.011 EAS 1969  |p 180359K  |r 2023-01-25  |w 2019-11-19  |y BK  |k DER 
952 |0 0  |1 0  |4 0  |6 320_011000000000000_EAS_1969  |7 0  |8 A  |9 277816  |a BIBDER  |b BIBDER  |d 2019-11-19  |i 1814095  |o 320.011 EAS 1969  |p 1814095  |r 2023-01-25  |w 2019-11-19  |y BK  |k DER 
952 |0 0  |1 0  |3 erb  |4 0  |6 320_011000000000000_EAS_1969  |7 0  |8 A  |9 277817  |a FDOHBE  |b FDOHBE  |e Huesbe Llanos, Marco Antonio, 1934-  |i 5333830  |o 320.011 EAS 1969  |p 5333830  |r 2024-01-30  |w 2019-11-19  |y BK  |z Catalogado en:20160623  |k HBE